000 00550nam a2200193Ia 4500
003 GCL
008 140319s9999 xx 000 0 ara d
040 _aGCL /
_cGCL
082 0 4 _a574.87
_bب ب
100 1 _aاحمد خليل
245 1 0 _aبعض اسرار الحياة فى الخلية الحية /
_cاحمد خليل
700 1 _aبتلر، ج0ا0ف
700 1 _aعبدالحليم نصر
300 _a217 ص
490 _aالالف كتاب
_v0
650 0 4 _aالخلايا
650 0 4 _aالاحياء، علم
942 _2ddc
_cBK
999 _c49871
_d49871